| 000 | 00795cam a2200217 4500 | ||
|---|---|---|---|
| 001 | WB3836-17 | ||
| 008 | 021001n2002 000 0 eng u | ||
| 035 | _a(Sirsi) u119955 | ||
| 245 | _aGMOs: vote on cross-border movement rules | ||
| 260 | _c2002 | ||
| 490 |
_aRICS Brussels Briefing _v30 September 2002, (1) |
||
| 520 | _aMEPs have endorsed proposals on the cross-border movement of genetically modified organisms (GMOs). The proposals look at ways to implement the Cartagena biosafety protocol which bans the export of GMOs unless the importing country gives its consent. | ||
| 590 | _aWB | ||
| 650 | _aGENETICALLY MODIFIED ORGANISMS | ||
| 650 | _aEUROPEAN COMMISSION | ||
| 650 | _aEXPORTS | ||
| 650 | _aIMPORTS | ||
| 650 | _aBIOSECURITY | ||
| 690 |
_aRural _96268 |
||
| 942 | _n0 | ||
| 999 |
_c71276 _d71276 |
||